[Event "BRA-ch Amateur U2000"]
[Site "Sao Paulo"]
[Date "2018.06.01"]
[Round "3"]
[White "Parreira, Teodora Ribeiro"]
[Black "Goncalves, Marcus Vinicius M"]
[Result "0-1"]
[WhiteElo "1532"]
[BlackElo "1960"]
[PlyCount "100"]
[EventDate "2018.05.31"]
[EventType "swiss"]
[EventRounds "7"]
[EventCountry "BRA"]
[SourceTitle "EXT 2021"]
[Source "ChessBase"]
[SourceDate "2020.10.23"]
[SourceVersion "1"]
[SourceVersionDate "2020.10.23"]
[SourceQuality "1"]

1. e4 c6 2. d3 d5 3. Nd2 g6 4. Ngf3 Bg7 5. g3 e5 6. Bg2 Ne7 7. 0-0 0-0 8. Re1 Nd7 9. Qe2 h6 10. Nf1 Kh7 11. h4 f5 12. N1h2 b6 13. exf5 gxf5 14. g4 e4 15. Nd2 Ng6 16. gxf5 Nf4 17. Qg4 Be5 18. Nxe4 Rg8 19. Ng5+ hxg5 20. Bxf4 Nf6 21. Qf3 Bxf4 22. hxg5 Bxh2+ 23. Kxh2 Rxg5 24. Rh1 Rh5+ 25. Kg1 Rxh1+ 26. Kxh1 Qe8 27. Qh3+ Qh5 28. Qxh5+ Nxh5 29. Bh3 Bd7 30. Re1 Re8 31. Rg1 Rg8 32. Re1 Rg7 33. Re5 Rf7 34. Kh2 Ng7 35. f6 Bxh3 36. fxg7 Bd7 37. Re2 Rxg7 38. d4 Kg8 39. c3 Kf7 40. a3 Kf6 41. Re3 Kf5 42. Rf3+ Ke4 43. Re3+ Kf4 44. Kh1 Bf5 45. Kh2 Be4 46. Rh3 Rg2+ 47. Kh1 Rxf2+ 48. Kg1 Rxb2 49. Rh6 c5 50. dxc5 bxc5 0-1

[Event "BRA-ch Amateur U2000"]
[Site "Sao Paulo"]
[Date "2018.??.??"]
[Round "1"]
[White "Moreira, Alexandre Augusto"]
[Black "Goncalves, Marcus Vinicius M"]
[Result "1-0"]
[WhiteElo "1834"]
[BlackElo "1960"]
[PlyCount "73"]
[EventDate "2018.05.31"]
[EventType "swiss"]
[EventRounds "7"]
[EventCountry "BRA"]
[SourceTitle "EXT 2021"]
[Source "ChessBase"]
[SourceDate "2020.10.23"]
[SourceVersion "1"]
[SourceVersionDate "2020.10.23"]
[SourceQuality "1"]

1. e4 c6 2. d4 d5 3. Nc3 dxe4 4. Nxe4 Bf5 5. Ng3 Bg6 6. Nf3 Nd7 7. Bd3 Bxd3 8. Qxd3 Ngf6 9. 0-0 Qc7 10. Re1 e6 11. Bd2 Bd6 12. Nf5 0-0-0 13. Nxd6+ Qxd6 14. a4 h6 15. Ba5 Rdg8 16. Qb3 Qd5 17. Qxd5 Nxd5 18. c4 Nf4 19. Rad1 g5 20. Bc3 Rh7 21. b3 h5 22. Ne5 h4 23. g3 hxg3 24. hxg3 Nxe5 25. dxe5 Rgh8 26. gxf4 Rh1+ 27. Kg2 R8h2+ 28. Kg3 Rh3+ 29. Kg4 R1h2 30. Re3 Rh4+ 31. Kxg5 Rh8 32. Rd2 Rg8+ 33. Kf6 Rh6+ 34. Kxf7 Rg4 35. f5 exf5 36. e6 Rh7+ 37. Kf8 1-0

[Event "Aldeia de Barueri op"]
[Site "Aldeia de Barueri"]
[Date "2017.08.04"]
[Round "2"]
[White "De Martino, Murilo Rocha Laragn"]
[Black "Goncalves, Marcus Vinicius M"]
[Result "0-1"]
[WhiteElo "1300"]
[BlackElo "1974"]
[PlyCount "64"]
[EventDate "2017.08.04"]
[EventType "swiss"]
[EventRounds "6"]
[EventCountry "BRA"]
[SourceTitle "CBM 180 Extra"]
[Source "ChessBase"]
[SourceDate "2017.10.06"]
[SourceVersion "1"]
[SourceVersionDate "2017.10.06"]
[SourceQuality "1"]

1. e4 d6 2. Nf3 Nf6 3. Nc3 e5 4. Bc4 Be7 5. 0-0 0-0 6. Nd5 Bg4 7. Nxf6+ Bxf6 8. c3 Nd7 9. h3 Bh5 10. Be2 Nc5 11. d3 c6 12. Be3 Ne6 13. Qd2 Bg6 14. Nh2 d5 15. exd5 cxd5 16. f4 exf4 17. Bxf4 Nxf4 18. Rxf4 Bg5 19. Raf1 Qb6+ 20. Kh1 Rfe8 21. h4 Bxf4 22. Rxf4 Qe3 23. Qxe3 Rxe3 24. Rf2 Bxd3 25. Bf3 Re1+ 26. Nf1 Rxf1+ 27. Rxf1 Bxf1 28. Bxd5 Ba6 29. b4 Rc8 30. c4 Bxc4 31. Bxb7 Rb8 32. Be4 Bxa2 0-1

[Event "Rio Claro op 1st"]
[Site "Rio Claro"]
[Date "2015.02.28"]
[Round "3"]
[White "Vieira, Jose Renato Braga S"]
[Black "Goncalves, Marcus Vinicius M"]
[Result "0-1"]
[WhiteElo "2054"]
[BlackElo "1946"]
[PlyCount "76"]
[EventDate "2015.02.28"]
[EventType "swiss"]
[EventRounds "5"]
[EventCountry "BRA"]
[SourceTitle "CBM 165 Extra"]
[Source "ChessBase"]
[SourceDate "2015.04.21"]
[SourceVersion "1"]
[SourceVersionDate "2015.04.21"]
[SourceQuality "1"]

1. d4 Nf6 2. c4 c5 3. d5 e6 4. Nc3 exd5 5. cxd5 d6 6. e4 g6 7. Nf3 Bg7 8. Bb5+ Bd7 9. Be2 0-0 10. 0-0 a6 11. Bf4 Ne8 12. a4 Bg4 13. Nd2 Bxe2 14. Qxe2 Nd7 15. Nc4 Nb6 16. Rfe1 Nxc4 17. Qxc4 g5 18. Bg3 h5 19. e5 h4 20. e6 Qe7 21. Bxd6 Nxd6 22. Qxc5 f5 23. Rad1 Rac8 24. Qb6 Bxc3 25. bxc3 Rxc3 26. h3 Rfc8 27. Qd4 R3c4 28. Qa1 Rc2 29. Rc1 Rxc1 30. Rxc1 Rxc1+ 31. Qxc1 b5 32. axb5 axb5 33. Qc5 Kg7 34. Qc3+ Kg8 35. Qc5 Kh7 36. Qb4 Qc7 37. Qd4 Qc1+ 38. Kh2 Qf4+ 0-1

[Event "Sao Paulo Karman Cup 2nd"]
[Site "Sao Paulo"]
[Date "2014.11.21"]
[Round "1"]
[White "Jose, Anderson Willians"]
[Black "Goncalves, Marcus Vinicius M"]
[Result "0-1"]
[WhiteElo "1647"]
[BlackElo "1958"]
[PlyCount "76"]
[EventDate "2014.11.21"]
[EventType "swiss"]
[EventRounds "6"]
[EventCountry "BRA"]
[SourceTitle "CBM 163 Extra"]
[Source "ChessBase"]
[SourceDate "2014.12.23"]
[SourceVersion "1"]
[SourceVersionDate "2014.12.23"]
[SourceQuality "1"]

1. e4 c6 2. Ne2 d5 3. e5 c5 4. d4 cxd4 5. Nxd4 e6 6. Nd2 Nc6 7. N2f3 Bc5 8. Nxc6 bxc6 9. Bd3 Ne7 10. g4 Ng6 11. h4 Qb6 12. Qe2 Qb4+ 13. c3 Qxg4 14. Rg1 Qa4 15. b3 Qa5 16. b4 Bxb4 17. cxb4 Qxb4+ 18. Bd2 Qb2 19. Rb1 Qxa2 20. h5 Ne7 21. Rxg7 h6 22. Nh4 Ba6 23. Qf3 Rf8 24. Bxh6 c5 25. Rh7 Bxd3 26. Qxd3 c4 27. Qd1 Rg8 28. Bg7 Nc6 29. Rb7 Qa5+ 30. Kf1 c3 31. Qf3 Qa6+ 32. Kg2 Qxb7 33. Rh8 Rxh8 34. Bxh8 c2 35. Qg3 Ne7 36. Ng6 c1Q 37. Nxe7 d4+ 38. Kh3 Qch1+ 0-1

[Event "Sao Paulo op-B U2050"]
[Site "Sao Paulo"]
[Date "2014.04.05"]
[Round "4"]
[White "Goncalves, Marcus Vinicius M"]
[Black "Caporale, Giuseppe Guido"]
[Result "1-0"]
[WhiteElo "1981"]
[BlackElo "1750"]
[PlyCount "67"]
[EventDate "2014.04.03"]
[EventType "swiss"]
[EventRounds "6"]
[EventCountry "BRA"]
[SourceTitle "CBM 159 Extra"]
[Source "ChessBase"]
[SourceDate "2014.04.24"]
[SourceVersion "1"]
[SourceVersionDate "2014.04.24"]
[SourceQuality "1"]

1. d4 Nf6 2. c4 c5 3. d5 b5 4. cxb5 e6 5. Nc3 Bb7 6. Bg5 h6 7. Bxf6 Qxf6 8. e4 e5 9. Nf3 d6 10. Be2 Nd7 11. 0-0 g5 12. Nd2 Be7 13. Bg4 Nf8 14. a4 Ng6 15. a5 h5 16. Bf5 Nh4 17. a6 Bc8 18. Bxc8 Rxc8 19. Nc4 Bd8 20. b6 axb6 21. a7 Ra8 22. Qa4+ Kf8 23. Qc6 Qf4 24. f3 Kg7 25. Qxa8 Nxg2 26. Ne2 Qh4 27. Kxg2 g4 28. Ng1 Rh6 29. f4 Rg6 30. Ne3 Kh7 31. Qxd8 Qxd8 32. a8Q Qh4 33. fxe5 Qe7 34. Ra7 1-0

[Event "Sao Paulo op-B U2050"]
[Site "Sao Paulo"]
[Date "2014.04.05"]
[Round "3"]
[White "Lopes, Sergio Amadeus Leon"]
[Black "Goncalves, Marcus Vinicius M"]
[Result "1/2-1/2"]
[WhiteElo "1800"]
[BlackElo "1981"]
[PlyCount "77"]
[EventDate "2014.04.03"]
[EventType "swiss"]
[EventRounds "6"]
[EventCountry "BRA"]
[SourceTitle "CBM 159 Extra"]
[Source "ChessBase"]
[SourceDate "2014.04.24"]
[SourceVersion "1"]
[SourceVersionDate "2014.04.24"]
[SourceQuality "1"]

1. c4 c6 2. d4 d6 3. Nf3 Nd7 4. Nc3 Ngf6 5. g3 g6 6. Bg2 Bg7 7. 0-0 0-0 8. e4 e5 9. d5 Nc5 10. dxc6 bxc6 11. Be3 Nfxe4 12. Nxe4 Nxe4 13. Nxe5 Nxf2 14. Rxf2 Bxe5 15. Bxc6 Rb8 16. Bd4 Qe7 17. b3 Bh3 18. Qd2 f6 19. Rc1 Be6 20. Bb2 Kg7 21. Bd4 Bh3 22. Be3 g5 23. Re1 h6 24. Bd4 Qc7 25. Bd5 Rbe8 26. Bxe5 dxe5 27. b4 f5 28. Qc3 Re7 29. c5 Rd8 30. Bb3 Kg6 31. Rfe2 e4 32. b5 Rd3 33. Qc4 Rxg3+ 34. hxg3 Qxg3+ 35. Kh1 g4 36. Qg8+ Kh5 37. Bf7+ Kh4 38. Qg6 Qf3+ 39. Kg1 1/2-1/2

[Event "Sao Paulo Karman Memorial 1st"]
[Site "Sao Paulo"]
[Date "2013.10.26"]
[Round "3.3"]
[White "Mangini, Bruno Fernandes"]
[Black "Goncalves, Marcus Vinicius M"]
[Result "0-1"]
[WhiteElo "1692"]
[BlackElo "1946"]
[PlyCount "64"]
[EventDate "2013.10.25"]
[EventType "swiss"]
[EventRounds "6"]
[EventCountry "BRA"]
[SourceTitle "EXT 2022"]
[Source "ChessBase"]
[SourceDate "2021.10.06"]
[SourceVersion "1"]
[SourceVersionDate "2021.10.06"]
[SourceQuality "1"]

1. d4 d6 2. c4 Nf6 3. Nc3 Nbd7 4. e4 c6 5. f4 Qa5 6. Bd2 Qc7 7. Be2 e5 8. fxe5 dxe5 9. d5 Bb4 10. Qc2 Nc5 11. Bf3 Bg4 12. Bxg4 Nxg4 13. Nge2 Qe7 14. h4 Nd7 15. g3 Bc5 16. Nd1 Qf6 17. Rf1 Qg6 18. b4 Be7 19. Ne3 Nxe3 20. Bxe3 Bxb4+ 21. Kd1 Rc8 22. Rb1 Bc5 23. Bxc5 Nxc5 24. Rf5 f6 25. Qb2 0-0 26. Qb4 b6 27. Qa3 Nxe4 28. Qf3 Nd6 29. g4 Nxf5 30. gxf5 Qf7 31. dxc6 Rfd8+ 32. Ke1 Qxc4 0-1

[Event "Americana Paulista op"]
[Site "Americana"]
[Date "2013.09.22"]
[Round "5"]
[White "Frare, Fernando Cesar"]
[Black "Goncalves, Marcus Vinicius M"]
[Result "1/2-1/2"]
[WhiteElo "2240"]
[BlackElo "1946"]
[PlyCount "56"]
[EventDate "2013.09.20"]
[EventType "swiss"]
[EventRounds "6"]
[EventCountry "BRA"]
[SourceTitle "CBM 156 Extra"]
[Source "ChessBase"]
[SourceDate "2013.10.22"]
[SourceVersion "1"]
[SourceVersionDate "2013.10.22"]
[SourceQuality "1"]

1. d4 Nf6 2. Nf3 g6 3. e3 Bg7 4. Be2 c5 5. 0-0 cxd4 6. Nxd4 Nc6 7. c4 0-0 8. Nc3 d6 9. Bf3 Bd7 10. b3 Rb8 11. Bb2 Qa5 12. a3 Rfc8 13. Rc1 Qg5 14. Nd5 Nxd5 15. Bxd5 Bg4 16. Qd2 Nxd4 17. Bxd4 Bxd4 18. Qxd4 e6 19. f4 Qh5 20. Bf3 Bxf3 21. Rxf3 Qc5 22. b4 Qxd4 23. exd4 Rc7 24. Rfc3 b6 25. c5 bxc5 26. dxc5 d5 27. Rb3 f6 28. b5 Kf7 1/2-1/2

[Event "Americana Paulista op"]
[Site "Americana"]
[Date "2013.09.21"]
[Round "4"]
[White "Goncalves, Marcus Vinicius M"]
[Black "Oliveira, Fernando Henrique"]
[Result "1-0"]
[WhiteElo "1946"]
[BlackElo "2116"]
[PlyCount "97"]
[EventDate "2013.09.20"]
[EventType "swiss"]
[EventRounds "6"]
[EventCountry "BRA"]
[SourceTitle "CBM 156 Extra"]
[Source "ChessBase"]
[SourceDate "2013.10.22"]
[SourceVersion "1"]
[SourceVersionDate "2013.10.22"]
[SourceQuality "1"]

1. d4 Nf6 2. c4 g6 3. Nc3 Bg7 4. Nf3 0-0 5. e4 d6 6. g3 Bg4 7. Bg2 Nc6 8. Be3 e5 9. d5 Nd4 10. 0-0 Nd7 11. Bxd4 exd4 12. Nb1 Ne5 13. Nbd2 Qf6 14. Qb3 c5 15. Nxe5 Qxe5 16. f3 Bc8 17. Rae1 Qe7 18. f4 Qc7 19. Nf3 Re8 20. Qd3 f5 21. Ng5 Qa5 22. Re2 fxe4 23. Bxe4 Bg4 24. Ref2 Rxe4 25. Qxe4 Bf6 26. f5 Bxg5 27. Qxg4 Be3 28. fxg6 Bxf2+ 29. Rxf2 Qe1+ 30. Kg2 Re8 31. gxh7+ Kh8 32. Qf4 Qe4+ 33. Qxe4 Rxe4 34. Rd2 Kxh7 35. Kf3 Re3+ 36. Kf4 a5 37. h4 Kg6 38. g4 Re1 39. h5+ Kf6 40. g5+ Kf7 41. Rf2 Re5 42. Kg4+ Kg7 43. h6+ Kg6 44. Rf6+ Kh7 45. Rf7+ Kg8 46. g6 Re8 47. h7+ Kh8 48. Kg5 d3 49. Kh6 1-0

[Event "Americana Paulista op"]
[Site "Americana"]
[Date "2013.09.20"]
[Round "1"]
[White "Perdomo, Leandro Daniel"]
[Black "Goncalves, Marcus Vinicius M"]
[Result "1-0"]
[WhiteElo "2391"]
[BlackElo "1946"]
[PlyCount "33"]
[EventDate "2013.09.20"]
[EventType "swiss"]
[EventRounds "6"]
[EventCountry "BRA"]
[SourceTitle "CBM 156 Extra"]
[Source "ChessBase"]
[SourceDate "2013.10.22"]
[SourceVersion "1"]
[SourceVersionDate "2013.10.22"]
[SourceQuality "1"]

1. d4 Nf6 2. c4 c5 3. d5 b5 4. Nf3 bxc4 5. Nc3 g6 6. e4 d6 7. Bxc4 Bg7 8. e5 dxe5 9. Nxe5 0-0 10. 0-0 a5 11. Re1 Nfd7 12. Nxf7 Rxf7 13. d6 Nb6 14. dxe7 Qe8 15. Bxf7+ Kxf7 16. Nb5 Qxb5 17. Qb3+ 1-0

[Event "Ribeira Valley op 9th"]
[Site "Registro"]
[Date "2013.08.01"]
[Round "5"]
[White "Terao, Juliana Sayumi"]
[Black "Goncalves, Marcus Vinicius M"]
[Result "1-0"]
[WhiteElo "2147"]
[BlackElo "1946"]
[PlyCount "33"]
[EventDate "2013.07.30"]
[EventType "swiss"]
[EventRounds "9"]
[EventCountry "BRA"]
[SourceTitle "CBM 155 Extra"]
[Source "ChessBase"]
[SourceDate "2013.08.26"]
[SourceVersion "1"]
[SourceVersionDate "2013.08.26"]
[SourceQuality "1"]

1. e4 c6 2. d4 d5 3. exd5 cxd5 4. c4 Nf6 5. Nc3 Nc6 6. Bg5 Be6 7. a3 g6 8. Be2 Bg7 9. c5 Ne4 10. Be3 0-0 11. Rc1 Nxc5 12. dxc5 d4 13. Bd2 dxc3 14. Bxc3 Nd4 15. Nf3 Nxe2 16. Qxe2 Bh6 17. Qe5 1-0

[Event "Rio Claro IRT op 2nd"]
[Site "Rio Claro"]
[Date "2013.04.28"]
[Round "6"]
[White "Chinelli, Jackson Alberto"]
[Black "Goncalves, Marcus Vinicius M"]
[Result "0-1"]
[WhiteElo "1785"]
[BlackElo "1944"]
[PlyCount "70"]
[EventDate "2013.04.26"]
[EventType "swiss"]
[EventRounds "6"]
[EventCountry "BRA"]
[SourceTitle "CBM 154 Extra"]
[Source "ChessBase"]
[SourceDate "2013.06.25"]
[SourceVersion "2"]
[SourceVersionDate "2013.06.25"]
[SourceQuality "1"]

1. e4 c6 2. d4 d5 3. e5 c5 4. c3 Nc6 5. Bb5 cxd4 6. Bxc6+ bxc6 7. cxd4 Bf5 8. Nc3 e6 9. Nge2 h5 10. a4 Be7 11. a5 Bg5 12. Qa4 Rc8 13. f4 Bh4+ 14. g3 Be7 15. h4 Nh6 16. b4 a6 17. Bd2 Ng4 18. Rc1 0-0 19. Na2 Qd7 20. Nac3 Rc7 21. Nd1 Be4 22. Nf2 Nxf2 23. Kxf2 Bxh1 24. Rxh1 Rb8 25. Nc1 Rcb7 26. Nd3 Rb5 27. Qd1 Bxb4 28. Bxb4 Rxb4 29. Nxb4 Rxb4 30. Qd2 Qb7 31. Rc1 Qb5 32. Rc5 Rb2 33. Rc2 Rb1 34. Qe2 Ra1 35. Rc5 Qb1 0-1

[Event "Curitiba IRT op"]
[Site "Curitiba"]
[Date "2013.04.06"]
[Round "4"]
[White "Goncalves, Marcus Vinicius M"]
[Black "Hirota da Silva, Nilton Jose"]
[Result "0-1"]
[WhiteElo "1944"]
[BlackElo "2062"]
[PlyCount "94"]
[EventDate "2013.04.05"]
[EventType "swiss"]
[EventRounds "6"]
[EventCountry "BRA"]
[SourceTitle "CBM 153 Extra"]
[Source "ChessBase"]
[SourceDate "2013.04.22"]
[SourceVersion "1"]
[SourceVersionDate "2013.04.22"]
[SourceQuality "1"]

1. d4 c5 2. c4 cxd4 3. Nf3 e5 4. g3 Nc6 5. Bg2 Bb4+ 6. Bd2 Bxd2+ 7. Nbxd2 Nf6 8. 0-0 0-0 9. Ng5 h6 10. Nge4 Nxe4 11. Nxe4 d6 12. a3 Be6 13. c5 dxc5 14. Nxc5 Bc8 15. Rc1 Rb8 16. b4 Ne7 17. Qa4 a6 18. Qb3 b6 19. Nd3 Qd6 20. f4 exf4 21. Rxf4 Be6 22. Qb2 Rbd8 23. Nf2 Ng6 24. Rc6 Qd7 25. Rxb6 Nxf4 26. gxf4 Bc4 27. Rc6 Bb5 28. Rc5 Rfe8 29. Nd3 Bxd3 30. exd3 Qg4 31. Qf2 Re3 32. Qf1 Rde8 33. Rc1 f5 34. a4 Qh4 35. Qf2 Re1+ 36. Rxe1 Rxe1+ 37. Bf1 Qg4+ 38. Qg3 Qd1 39. Qf2 Kh7 40. b5 axb5 41. axb5 Re3 42. Kg2 Qb3 43. h4 Qxb5 44. h5 Qd5+ 45. Kh2 Qf3 46. Qxf3 Rxf3 47. Be2 Rf2+ 0-1

[Event "BRA-ch Amateur"]
[Site "Sao Paulo"]
[Date "2013.02.11"]
[Round "5"]
[White "Pomar, Marcelo Nascimento"]
[Black "Goncalves, Marcus Vinicius M"]
[Result "1/2-1/2"]
[WhiteElo "2094"]
[BlackElo "1921"]
[PlyCount "107"]
[EventDate "2013.02.09"]
[EventType "swiss"]
[EventRounds "7"]
[EventCountry "BRA"]
[SourceTitle "CBM 152 Extra"]
[Source "ChessBase"]
[SourceDate "2013.02.25"]
[SourceVersion "1"]
[SourceVersionDate "2013.02.25"]
[SourceQuality "1"]

1. e4 c6 2. d4 d5 3. Nd2 dxe4 4. Nxe4 Bf5 5. Ng3 Bg6 6. h4 h6 7. Nf3 Nd7 8. h5 Bh7 9. Bd3 Bxd3 10. Qxd3 Ngf6 11. Bd2 e6 12. 0-0-0 Be7 13. Ne4 Nxe4 14. Qxe4 Nf6 15. Qe2 Qd5 16. Kb1 0-0-0 17. Ne5 Rhf8 18. Be3 Nd7 19. f4 Qe4 20. Qf2 Nxe5 21. dxe5 a6 22. Bb6 Rxd1+ 23. Rxd1 Qb4 24. a3 Qb5 25. Qd4 Qd5 26. c4 Qxd4 27. Rxd4 g6 28. Rd3 gxh5 29. Rg3 Kd7 30. Rg7 c5 31. a4 Kc6 32. a5 h4 33. Kc2 Bd8 34. Bxd8 Rxd8 35. Rxf7 Rg8 36. Rf6 Rxg2+ 37. Kc3 Rg3+ 38. Kd2 Rg2+ 39. Ke3 Kd7 40. Rxh6 Rxb2 41. Rxh4 b5 42. Rh7+ Kc6 43. Re7 Rb3+ 44. Kd2 bxc4 45. Rxe6+ Kd5 46. Rxa6 c3+ 47. Kc2 Kc4 48. Rb6 Ra3 49. e6 Ra2+ 50. Kc1 Ra1+ 51. Rb1 Rxa5 52. e7 Ra8 53. f5 Kd3 54. Rb7 1/2-1/2

[Event "Osasco op"]
[Site "Osasco"]
[Date "2012.04.21"]
[Round "3"]
[White "Oba, Ana Claudia de Oliv"]
[Black "Goncalves, Marcus Vinicius M"]
[Result "0-1"]
[WhiteElo "1632"]
[BlackElo "1911"]
[PlyCount "89"]
[EventDate "2012.04.20"]
[EventType "swiss"]
[EventRounds "6"]
[EventCountry "BRA"]
[SourceTitle "CBM 148 Extra"]
[Source "ChessBase"]
[SourceDate "2012.06.22"]
[SourceVersion "1"]
[SourceVersionDate "2012.06.22"]
[SourceQuality "1"]

1. Nf3 d5 2. d4 Nf6 3. e3 Bg4 4. Nbd2 e6 5. Be2 Bd6 6. b3 0-0 7. 0-0 c5 8. Bb2 cxd4 9. exd4 Nc6 10. Ne5 Bxe2 11. Qxe2 Rc8 12. a3 Qb6 13. Ndf3 Bxe5 14. dxe5 Nd7 15. Rac1 a6 16. Rfe1 Rfd8 17. Ng5 h6 18. Nh3 Nd4 19. Qd2 Nf5 20. Nf4 Nc5 21. Bd4 Qc7 22. f3 Qe7 23. Bf2 Qg5 24. Re2 Rc6 25. Nh3 Qxd2 26. Rxd2 Nxb3 27. Rcd1 Nxd2 28. Rxd2 Rdc8 29. Kf1 Rxc2 30. Rxc2 Rxc2 31. Nf4 Ne7 32. Nd3 Nc6 33. f4 Rc3 34. Nc5 Rxa3 35. Nxb7 g5 36. fxg5 hxg5 37. Bg3 Rxg3 38. hxg3 Nxe5 39. Nc5 a5 40. Ke2 Kg7 41. Ke3 Kf6 42. Kd4 Nc6+ 43. Ke3 Kf5 44. Kf3 Nd4+ 45. Ke3 0-1

[Event "Osasco op"]
[Site "Osasco"]
[Date "2012.04.20"]
[Round "2"]
[White "Goncalves, Marcus Vinicius M"]
[Black "Tsuboi, Edson Kenji"]
[Result "0-1"]
[WhiteElo "1911"]
[BlackElo "2306"]
[PlyCount "74"]
[EventDate "2012.04.20"]
[EventType "swiss"]
[EventRounds "6"]
[EventCountry "BRA"]
[SourceTitle "CBM 148 Extra"]
[Source "ChessBase"]
[SourceDate "2012.06.22"]
[SourceVersion "1"]
[SourceVersionDate "2012.06.22"]
[SourceQuality "1"]

1. d4 Nf6 2. c4 g6 3. Nc3 d5 4. cxd5 Nxd5 5. e4 Nxc3 6. bxc3 Bg7 7. Bc4 c5 8. Ne2 Nc6 9. Be3 0-0 10. 0-0 Na5 11. Bd5 e6 12. Bb3 b6 13. d5 Ba6 14. Rc1 Nxb3 15. axb3 exd5 16. exd5 Bxe2 17. Qxe2 Qxd5 18. c4 Qe4 19. Qc2 Qxc2 20. Rxc2 Rfd8 21. Re2 Rd3 22. Rb1 Re8 23. Ra2 Re7 24. g3 f5 25. b4 cxb4 26. Rxb4 Bd4 27. Bg5 Re1+ 28. Kg2 Bc5 29. Rb5 Rd7 30. Rbb2 Re4 31. Rd2 Rxd2 32. Rxd2 Rd4 33. Re2 Rxc4 34. Re8+ Kf7 35. Rc8 a5 36. Rc7+ Ke6 37. Rxh7 a4 0-1